|
|
|
|
| LEADER |
00000nab a2200000 a 4500 |
| 001 |
vtls000584060 |
| 003 |
SK-MaSNL |
| 005 |
20260303011341.0 |
| 008 |
160203c1996 xo 0 slo |
| 015 |
|
|
|a SNBRB19rr/mm-uuuuu
|
| 035 |
|
|
|a CL0584199
|
| 040 |
|
|
|a SNKBUCL
|b slo
|c SNKBUCL
|e AACR2
|
| 041 |
0 |
|
|a slo
|
| 044 |
|
|
|a xo
|c SK
|
| 080 |
|
|
|a 027.2(437.6):669.1:061.5(437.6)
|2 1981
|
| 080 |
|
|
|a 669.1:061.5(437.6)
|2 1981
|
| 100 |
1 |
|
|a Poliak, Ľubomír
|4 aut
|9 989876
|
| 245 |
1 |
0 |
|a Patentová knižnica ojedinelá nielen na Slovensku
|b V oblasti duševného vlastníctva ponúka široké spektrum činnosti
|c Ľubomír Poliak
|
| 300 |
|
|
|b Fotogr. 1
|
| 610 |
|
7 |
|a Východoslovenské železiarne (Košice, Slovensko)
|b Patentová knižnica
|2 snkbucl
|9 989877
|
| 651 |
|
7 |
|a 5403
|2 snkbucl
|9 893808
|
| 655 |
|
7 |
|a články z novín a časopisov
|2 snkbucl
|9 267496
|
| 655 |
|
7 |
|a články z odboru knihovníctvo
|2 snkbucl
|9 166141
|
| 773 |
0 |
|
|t Slovenský profit
|g Roč. 4, č. 19 (1996), s. 23
|
| 850 |
|
|
|a Slovenská národná knižnica v Martine
|a MTA001
|
| 852 |
|
|
|a SNK
|b KIS3GCP
|
| 958 |
|
|
|a RK
|
| 958 |
|
|
|a KL
|
| 958 |
|
|
|a SK
|
| 992 |
|
|
|a RBX
|
| 999 |
|
|
|c 1591652
|d 1593582
|